| 000 | 00519nam a2200193Ia 4500 | ||
|---|---|---|---|
| 003 | OSt | ||
| 005 | 20260127144233.0 | ||
| 008 | 250729s2005 xx 000 0 und d | ||
| 040 | _cAL | ||
| 041 | _akan | ||
| 082 | _a910 JAGB | ||
| 100 |
_aಜಗನ್ನಾಥರಾವ್ ಡಿ _9227961 |
||
| 245 | _aಭೂಗೋಳ ಸಂಪುಟ ಸಂಗಾತಿ-೩ | ||
| 260 |
_aಮೈಸೂರು _c2005 |
||
| 300 | _a400p | ||
| 650 |
_aGeography _9227962 |
||
| 700 |
_aಜಗo Digumurthi _9227963 |
||
| 942 |
_2ddc _cBED |
||
| 999 |
_c237834 _d237834 |
||